Кн. 1 : Становление комсомола в Сибири 1917-1920 гг.; Ленин. Сибирь. Комсомол

Bibliografiske detaljer
Parent link:Ленин. Сибирь. Комсомол: документальная трилогия/ В. А. Золотарев. Кн. 1 : Становление комсомола в Сибири 1917-1920 гг..— , 1975
Sprog:russisk
Udgivet: 1975
Fag:
Format: MixedMaterials Bog
KOHA link:https://koha.lib.tpu.ru/cgi-bin/koha/opac-detail.pl?biblionumber=322812

MARC

LEADER 00000nam2a2200000 4500
001 322812
005 20231102003517.0
035 |a (RuTPU)RU\TPU\book\348370 
090 |a 322812 
100 |a 20161005d1975 km y0rusy50 ca 
101 0 |a rus 
102 |a RU 
105 |a a z 001zb 
200 0 |a Кн. 1 : Становление комсомола в Сибири 1917-1920 гг. 
210 |d 1975 
215 |a 223 с.  |c ил. 
320 |a Библиогр.: с. 216-223 
461 1 |0 (RuTPU)RU\TPU\book\333823  |t Ленин. Сибирь. Комсомол  |o документальная трилогия  |o в 3 кн.  |f В. А. Золотарев  |v Кн. 1 : Становление комсомола в Сибири 1917-1920 гг.  |d 1975 
600 1 |a Ленин  |b В. И.  |c настоящая фамилия Ульянов  |c российский политический деятель  |f 1870-1924  |g Владимир Ильич  |2 stltpush  |3 (RuTPU)RU\TPU\pers\1074  |9 486 
606 1 |a Комсомольские организации и их работа  |2 stltpush  |3 (RuTPU)RU\TPU\subj\15190  |9 41454 
610 1 |a комсомольцы 
610 1 |a комсомольские организации 
610 1 |a Сибирь 
610 1 |a история 
610 1 |a молодежная политика 
610 1 |a молодежные движения 
610 1 |a молодежные организации 
686 |a Ф75(2)14  |v LBC/SL-A  |2 rubbk 
801 1 |a RU  |b 63413507  |c 20161005 
801 2 |a RU  |b 63413507  |c 20221024  |g RCR 
942 |c BK